On This Day: December 18th Quiz Stats

 Plays Quiz Updated Dec 18, 2017

Challenge
Share
Tweet
Embed
Score 0/7 Timer 03:00
0 Plays Today
Question Answer Wrong Answers
______ by Pyotr Ilyich Tchaikovsky first premiers in Saint Petersburg, Russia.
1892
The Nutcracker
96.7%
La Esmeralda
1%
Delight of the Muses
1.1%
Fall River Legend
0.6%
After peace talks collapse, President Richard Nixon announces that the United States will engage ______ in Operation Linebacker II, a series of Christmas bombings.
1972
North Vietnam
83.1%
North Korea
5.3%
Iran
5.3%
Afghanistan
3.8%
This well-known American actor, who first gained recognition as a cowboy hitchhiker in the road movie ‘Thelma & Louise’, is born.
1963
Brad Pitt
73.2%
Tom Cruise
7.4%
Leonardo DiCaprio
4.6%
Johnny Depp
12.7%
This battle, the largest and longest battle of the First World War on the Western Front, ends when German forces are defeated by the French.
1916
Battle of Verdun
70.7%
Battle of Passchendaele
13.2%
Battle of Jutland
9.6%
Battle of Cambrai
5.1%
US Secretary of State William Seward proclaims the adoption of this amendment to the US Constitution, prohibiting slavery throughout the USA.
1865
13th
50.2%
14th
20%
15th
11.6%
16th
18.2%
The Battle of the Heligoland Bight, the first major ______ battle of World War II, takes place.
1939
Air
39.3%
Naval
31.8%
Ground
9.9%
Tank
17.4%
This nation on the southeast end of the Arabian Peninsula holds its first-ever elections.
2006
United Arab Emirates
30%
Iraq
12.1%
Saudi Arabia
10.5%
Yemen
44.7%

Today's Daily Dose

Missing Word
Animated TV Series

Word Ladder
Boston

Quick Pick
'H' Literature

On This Day
August 16th II

You're not logged in!

Compare scores with friends on all Sporcle quizzes.
Join for Free
OR
Log In

You Might Also Like...

Show Comments

Extras

Top Quizzes Today


Score Distribution

Your Account Isn't Verified!

In order to create a playlist on Sporcle, you need to verify the email address you used during registration. Go to your Sporcle Settings to finish the process.

Report this User

Report this user for behavior that violates our Community Guidelines.

Details: